Dates : guerre de cent ans - Statistiques

Statistiques générales
  • Ce quiz a été pris 80 fois
  • Le résultat moyen est 11 sur 19
Statistiques - réponses
Évènement Année % Correct
Fin officielle de la guerre de Cent Ans avec la perte de Bordeaux par les Anglais 1453
92%
Bataille d’Azincourt : victoire majeure des Anglais sur les Français 1415
82%
Début de la guerre de Cent Ans suite à la revendication du trône de France par Édouard III 1337
77%
Charles VII sacré roi de France à Reims grâce à Jeanne d'Arc 1429
77%
Jeanne d'Arc libère Orléans 1429
72%
Capture de Jeanne d'Arc à Compiègne 1430
68%
Procès et exécution de Jeanne d'Arc à Rouen 1431
68%
Victoire anglaise à la bataille de l'Écluse, domination navale anglaise 1340
67%
Bataille de Crécy : écrasante victoire anglaise grâce aux archers 1346
67%
Bataille de Castillon : défaite décisive des Anglais 1453
63%
Défaite française à la bataille de Poitiers, capture du roi Jean II le Bon 1356
60%
Henri V d’Angleterre épouse Catherine de Valois : traité de Troyes 1420
55%
Prise de Calais par les Anglais 1347
43%
Traité de Brétigny mettant temporairement fin aux hostilités 1360
42%
Signature du traité d’Arras, fin de l’alliance anglo-bourguignonne 1435
37%
Reconquête de Paris par Charles VII 1436
35%
Alliance anglo-bourguignonne suite à l'assassinat de Jean sans Peur 1419
32%
Peste noire qui décime l’Europe, affectant les efforts de guerre (début-fin) 1347-1352
23%
Reconquête par Du Guesclin pour le roi Charles V (début-fin) 1369-1380
10%
Aucun quiz correspondant
Distribution des résultats
% des personnes avec chaque résultat
Percentile par nombre de réponses
Votre historique - résultats
Vous n’avez pas pris ce quiz